[Event "Schachfestival Basel"]
[Site "Basel"]
[Date "2018.01.03"]
[Round "2.23"]
[White "Bhend, Edwin"]
[Black "Haenggi, Markus"]
[Result "1-0"]
[WhiteElo "2123"]
[BlackElo "2065"]
[PlyCount "142"]
[EventDate "2018.01.??"]
[EventType "swiss"]
[EventRounds "9"]
[EventCountry "SUI"]
[SourceDate "2018.01.02"]

1. d4 d5 2. Nc3 Bf5 3. Bg5 Nf6 4. e3 e6 5. Bd3 Bg6 6. Nf3 Be7 7. Ne5 Nbd7 8. f4
Nxe5 9. fxe5 Nd7 10. Bxe7 Qxe7 11. O-O O-O-O 12. Qf3 f6 13. exf6 Nxf6 14. Qg3
Bxd3 15. cxd3 h5 16. Nb5 Kb8 17. Rac1 Rd7 18. Rc2 a6 19. Nc3 h4 20. Qf4 Rh5 21.
h3 Rh6 22. Ne2 Ka7 23. e4 Nh5 24. Qe5 g5 25. Rf3 Ng7 26. Nc3 c6 27. Rcf2 Rg6
28. Rf8 Qd6 29. Qxd6 Rxd6 30. Rg8 dxe4 31. dxe4 Rd7 32. Rff8 g4 33. hxg4 Rxg4
34. Na4 b6 35. Ra8+ Kb7 36. Rab8+ Ka7 37. Ra8+ Kb7 38. Rgb8+ Kc7 39. Rc8+ Kb7
40. Rab8+ Ka7 41. Rxb6 Rb7 42. Rxb7+ Kxb7 43. Rh8 a5 44. Kh2 Ka6 45. Nc3 Kb6
46. Rh7 Ne8 47. Re7 Ng7 48. a3 Nh5 49. Kh3 Rf4 50. Rxe6 Rf2 51. Kxh4 Nf4 52.
Nd5+ Nxd5 53. exd5 Rxg2 54. Rxc6+ Kb7 55. Rc5 Rxb2 56. Rxa5 Kc7 57. Kg5 Rd2 58.
Kf5 Rxd4 59. Ke5 Rd3 60. a4 Rd1 61. Ra7+ Kc8 62. Kd6 Rd2 63. Rc7+ Kb8 64. Rc5
Kb7 65. Rb5+ Kc8 66. a5 Ra2 67. Kc6 Rc2+ 68. Kb6 Kb8 69. Rc5 Rb2+ 70. Kc6 Kc8
71. a6 Kb8 1-0

[Event "Schachfestival Basel"]
[Site "Basel"]
[Date "2018.01.03"]
[Round "2.24"]
[White "Nyffenegger, Michael"]
[Black "Pupier, Terry"]
[Result "1-0"]
[WhiteElo "2035"]
[BlackElo "2107"]
[PlyCount "157"]
[EventDate "2018.01.??"]
[EventType "swiss"]
[EventRounds "9"]
[EventCountry "SUI"]
[SourceDate "2018.01.02"]

1. d4 Nf6 2. c4 e6 3. g3 d5 4. Nf3 Be7 5. Bg2 O-O 6. O-O dxc4 7. Qc2 a6 8. Qxc4
b5 9. Qc2 Bb7 10. Bd2 Ra7 11. Rc1 Nc6 12. e3 Qa8 13. Qd1 Rc8 14. Ne1 Nd8 15.
Bxb7 Nxb7 16. a4 b4 17. a5 Nd8 18. Nd3 Rb7 19. Be1 Rb5 20. Nd2 Qd5 21. Qf3 c5
22. Qxd5 exd5 23. dxc5 Nc6 24. Nb3 Nd7 25. Nd4 Nxd4 26. exd4 Bf6 27. Nxb4 Bxd4
28. Rd1 Ne5 29. Kg2 Bxb2 30. Ra2 Nc4 31. Nxd5 Bf6 32. Nb6 Rcxc5 33. Nxc4 Rxc4
34. Rd6 h6 35. Rxa6 Re4 36. Bd2 Re2 37. Kf3 Rbe5 38. Rd6 Be7 39. Rc6 Bg5 40.
Rd6 Rxd2 41. Rdxd2 Rxa5 42. Rxa5 Bxd2 43. Ra8+ Kh7 44. h4 h5 45. Ra7 Kg6 46.
Rd7 Bc3 47. Rd5 Kh6 48. Rf5 f6 49. g4 hxg4+ 50. Kxg4 g6 51. Rd5 f5+ 52. Kg3 Kh5
53. Rd7 Kh6 54. Rf7 Bd2 55. Rd7 Bc1 56. f3 Be3 57. f4 Bc1 58. Rf7 Bd2 59. h5
Be1+ 60. Kf3 Bc3 61. hxg6 Kxg6 62. Rc7 Bd4 63. Rc6+ Kh5 64. Re6 Bb2 65. Re2 Bd4
66. Rg2 Bf6 67. Ke3 Kh4 68. Rg6 Bd8 69. Kd4 Bc7 70. Ke3 Bd8 71. Rg7 Kh5 72. Rg8
Bf6 73. Kd3 Kh6 74. Kc4 Bg7 75. Kd5 Kh7 76. Rc8 Bh6 77. Ke5 Kg6 78. Rc6+ Kg7
79. Rxh6 1-0

[Event "Schachfestival Basel"]
[Site "Basel"]
[Date "2018.01.03"]
[Round "2.25"]
[White "Wirz, Heinz"]
[Black "Stockert, Laurids"]
[Result "0-1"]
[WhiteElo "2103"]
[BlackElo "2009"]
[PlyCount "128"]
[EventDate "2018.01.??"]
[EventType "swiss"]
[EventRounds "9"]
[EventCountry "SUI"]
[SourceDate "2018.01.02"]

1. d4 d5 2. Nf3 Nf6 3. c4 c6 4. Qc2 e6 5. Bg5 Nbd7 6. e3 Qa5+ 7. Nc3 Ne4 8.
cxd5 exd5 9. Bd3 Nxg5 10. Nxg5 h6 11. Nf3 Bd6 12. O-O Nf6 13. Ne5 Bxe5 14. dxe5
Ng4 15. e4 d4 16. Ne2 Nxe5 17. Nxd4 Nxd3 18. Qxd3 O-O 19. Nb3 Qb6 20. Qc3 Re8
21. Rfe1 Be6 22. Nc5 Qc7 23. Re3 b6 24. Rg3 f6 25. Nxe6 Rxe6 26. Qc4 Qe5 27.
Re3 Kh7 28. Rd1 Rae8 29. Qc2 Kh8 30. h3 Rd6 31. Rxd6 Qxd6 32. Rc3 c5 33. Qa4
Re7 34. Qa6 Rd7 35. Rg3 Qc7 36. Qe2 Qd6 37. Kh2 Qe5 38. Qg4 Re7 39. f3 Qe6 40.
Qxe6 Rxe6 41. h4 c4 42. Rg4 Re5 43. Kg3 Kg8 44. Kf4 Rb5 45. e5 h5 46. Rg3 Rxe5
47. Rh3 Re2 48. g4 Rxb2 49. Kf5 Kf7 50. f4 Rb5+ 51. Ke4 hxg4 52. Rc3 f5+ 53.
Kd4 Rc5 54. a4 a5 55. h5 Kf6 56. Rc1 c3 57. Rc2 g5 58. hxg6 Kxg6 59. Kd3 Kf6
60. Kd4 g3 61. Ke3 Ke6 62. Kf3 Kd5 63. Kxg3 Kc4 64. Kf3 Kd3 0-1

[Event "Schachfestival Basel"]
[Site "Basel"]
[Date "2018.01.03"]
[Round "3.1"]
[White "Kerigan, Demre"]
[Black "Chatalbashev, Boris"]
[Result "0-1"]
[WhiteElo "2340"]
[BlackElo "2570"]
[PlyCount "112"]
[EventDate "2018.01.??"]
[EventType "swiss"]
[EventRounds "9"]
[EventCountry "SUI"]
[SourceDate "2018.01.02"]

1. e4 g6 2. d4 Bg7 3. Nf3 d6 4. Bc4 Nf6 5. Qe2 O-O 6. e5 dxe5 7. dxe5 Nd5 8. h3
Be6 9. O-O Nd7 10. Rd1 c6 11. Bb3 Qc7 12. c4 Nb4 13. Bf4 Nc5 14. Nc3 a5 15. Na4
Nxb3 16. axb3 c5 17. Rd2 b6 18. Rad1 h6 19. Nc3 Qb7 20. Qe3 Kh7 21. Nd5 Bxd5
22. cxd5 Rad8 23. d6 e6 24. Nh2 Nd5 25. Qe4 Rd7 26. Bg3 f5 27. exf6 Nxf6 28.
Qxb7 Rxb7 29. Re1 Nh5 30. Rxe6 Nxg3 31. fxg3 Rd7 32. Nf3 Rfd8 33. Kh2 g5 34.
Rd5 Kg8 35. h4 Kf7 36. Re4 Rxd6 37. Rxd6 Rxd6 38. hxg5 Bxb2 39. Kh3 hxg5 40.
Nxg5+ Kf6 41. Kg4 Bc1 42. Nf3 Rd3 43. Re1 Be3 44. Kh5 Rd5+ 45. Kg4 Rd3 46. Kh5
Kf5 47. g4+ Kf4 48. Nh4 a4 49. bxa4 c4 50. Nf5 c3 51. Rf1+ Ke4 52. Nxe3 Kxe3
53. g5 Ke2 54. Ra1 c2 55. g6 Rg3 56. Kh6 Kd2 0-1

[Event "Schachfestival Basel"]
[Site "Basel"]
[Date "2018.01.03"]
[Round "3.2"]
[White "Meijers, Viesturs"]
[Black "Harff, Marcel"]
[Result "1/2-1/2"]
[WhiteElo "2477"]
[BlackElo "2375"]
[PlyCount "58"]
[EventDate "2018.01.??"]
[EventType "swiss"]
[EventRounds "9"]
[EventCountry "SUI"]
[SourceDate "2018.01.02"]

1. c4 e5 2. b3 Nc6 3. Bb2 d6 4. g3 g6 5. Bg2 Bg7 6. a3 Nge7 7. e3 O-O 8. Ne2
Bd7 9. Nbc3 Qc8 10. h4 h5 11. Nd5 Re8 12. Rc1 Nd8 13. d4 c6 14. Ndc3 f6 15. b4
Nf7 16. b5 Qc7 17. O-O a6 18. a4 axb5 19. axb5 Bg4 20. Qb3 g5 21. f3 Be6 22. d5
cxd5 23. cxd5 Bd7 24. hxg5 fxg5 25. Kf2 Qb6 26. Rh1 Ra5 27. Ra1 Rxa1 28. Bxa1
Nf5 29. Ne4 Ra8 1/2-1/2

[Event "Schachfestival Basel"]
[Site "Basel"]
[Date "2018.01.03"]
[Round "3.3"]
[White "Beukema, Jasper"]
[Black "Beukema, Stefan"]
[Result "1/2-1/2"]
[WhiteElo "2249"]
[BlackElo "2403"]
[PlyCount "20"]
[EventDate "2018.01.??"]
[EventType "swiss"]
[EventRounds "9"]
[EventCountry "SUI"]
[SourceDate "2018.01.02"]

1. c4 c5 2. Nf3 Nf6 3. g3 g6 4. Bg2 Bg7 5. O-O O-O 6. Nc3 Nc6 7. d3 d6 8. e4 e5
9. Be3 h6 10. h3 Be6 1/2-1/2

[Event "Schachfestival Basel"]
[Site "Basel"]
[Date "2018.01.03"]
[Round "3.4"]
[White "Milov, Vadim"]
[Black "Roseneck, Jonas"]
[Result "1-0"]
[WhiteElo "2589"]
[BlackElo "2279"]
[PlyCount "157"]
[EventDate "2018.01.??"]
[EventType "swiss"]
[EventRounds "9"]
[EventCountry "SUI"]
[SourceDate "2018.01.02"]

1. c4 e5 2. Nc3 Nf6 3. e3 Nc6 4. a3 Be7 5. Nf3 O-O 6. b4 d6 7. Be2 Re8 8. d3
Bf8 9. Bb2 Ne7 10. O-O Ng6 11. Ne4 c6 12. Qb3 h6 13. Rac1 Nd7 14. Rfd1 f5 15.
Nxd6 Bxd6 16. c5+ Kh7 17. cxd6 Nf6 18. e4 Be6 19. Qc2 Qxd6 20. d4 Nxe4 21. dxe5
Qe7 22. Nd2 Ng5 23. Nc4 Bd5 24. Rxd5 cxd5 25. Nd6 Rf8 26. f3 Nh4 27. Bd3 Qd7
28. Qf2 Qe7 29. Qg3 Kh8 30. e6 f4 31. Qg4 Qxd6 32. Qxh4 Qxe6 33. Bd4 Rae8 34.
Qh5 Rc8 35. Rd1 Rc6 36. h4 Nf7 37. b5 Rd6 38. Bc5 Ne5 39. Be4 d4 40. Rxd4 Rxd4
41. Bxd4 Nd7 42. Kh2 b6 43. Bc6 Nf6 44. Qg6 Qf7 45. Qf5 Ng8 46. Qg4 Ne7 47. Be4
Kg8 48. Qd7 Kh8 49. Qxa7 Nc8 50. Qxf7 Rxf7 51. a4 Ra7 52. Bc2 Kg8 53. Kh3 Kf7
54. Kg4 Ke6 55. Bb3+ Kd6 56. Kxf4 Re7 57. g4 g6 58. Bc2 Re6 59. Bg7 h5 60. Kg5
hxg4 61. fxg4 Ne7 62. Bd4 Re2 63. Bb3 Re4 64. Bxb6 Rb4 65. Bd1 Nd5 66. Ba7 Nc3
67. Bc2 Nxa4 68. Bxg6 Rxb5+ 69. Bf5 Ke7 70. Kg6 Kf8 71. h5 Nb6 72. h6 Kg8 73.
Be6+ Kh8 74. g5 Rb4 75. Kf6 Kh7 76. Bf5+ Kh8 77. g6 Nd5+ 78. Kf7 Rb7+ 79. Kf8
1-0

[Event "Schachfestival Basel"]
[Site "Basel"]
[Date "2018.01.03"]
[Round "3.5"]
[White "Kappeler, Kaspar"]
[Black "Heimann, Andreas"]
[Result "0-1"]
[WhiteElo "2280"]
[BlackElo "2576"]
[PlyCount "66"]
[EventDate "2018.01.??"]
[EventType "swiss"]
[EventRounds "9"]
[EventCountry "SUI"]
[SourceDate "2018.01.02"]

1. d4 Nf6 2. c4 g6 3. Nc3 d5 4. cxd5 Nxd5 5. e4 Nxc3 6. bxc3 Bg7 7. Nf3 c5 8.
Be3 Bg4 9. Qd2 O-O 10. Rb1 Bxf3 11. gxf3 cxd4 12. cxd4 Nc6 13. d5 Ne5 14. Be2
Qc8 15. Bd4 Qh3 16. Qe3 Rac8 17. f4 Qg2 18. Kd2 Nc4+ 19. Bxc4 Rxc4 20. Bxg7
Kxg7 21. Kd3 Rfc8 22. Rhc1 Rxc1 23. Rxc1 Rxc1 24. Qxc1 f5 25. Qb2+ Kf7 26. Qxb7
Qxe4+ 27. Kc3 Qf3+ 28. Kb4 Qxf4+ 29. Ka5 Qxf2 30. a4 f4 31. d6 Qc5+ 32. Ka6
Qxd6+ 33. Kxa7 Qd4+ 0-1

[Event "Schachfestival Basel"]
[Site "Basel"]
[Date "2018.01.03"]
[Round "3.6"]
[White "Aeschbach, Philipp"]
[Black "Karthik, Venkataraman"]
[Result "1/2-1/2"]
[WhiteElo "2304"]
[BlackElo "2476"]
[PlyCount "128"]
[EventDate "2018.01.??"]
[EventType "swiss"]
[EventRounds "9"]
[EventCountry "SUI"]
[SourceDate "2018.01.02"]

1. c4 b6 2. d4 Bb7 3. Nc3 e6 4. e4 Bb4 5. Bd3 f5 6. d5 fxe4 7. Bxe4 Nf6 8. Bg5
O-O 9. Nge2 exd5 10. Bxd5+ Bxd5 11. Bxf6 Qxf6 12. Qxd5+ Kh8 13. O-O Nc6 14. Ng3
Rae8 15. Qxd7 Ne5 16. Qb5 Bxc3 17. bxc3 Nd3 18. c5 Nxc5 19. Qc4 Rd8 20. f3 Qg6
21. Rad1 h6 22. Ne4 Ne6 23. Qc6 Qf7 24. Rfe1 Nf4 25. Rxd8 Rxd8 26. Qa4 a5 27.
Qb3 Qg6 28. g3 Rf8 29. Qc4 c6 30. a4 Nd5 31. Kg2 Qf7 32. Qe2 b5 33. axb5 cxb5
34. Nd6 Qg6 35. Qe5 Nf4+ 36. Kg1 Nd3 37. Qe6 Qxe6 38. Rxe6 Rb8 39. Re3 Nc1 40.
Re5 b4 41. cxb4 axb4 42. Rb5 Rxb5 43. Nxb5 b3 44. Kf1 Kg8 45. Ke1 b2 46. Na3
Nb3 47. Nb1 Kf7 48. Ke2 Ke6 49. Kd3 Kd5 50. Nc3+ Ke5 51. f4+ Kf5 52. h3 h5 53.
Kc2 Nc5 54. Kxb2 Nd3+ 55. Kc2 Nf2 56. Kd2 Nxh3 57. Ke3 Kg4 58. Ne2 g6 59. Ke4
Nf2+ 60. Ke5 Nd3+ 61. Kf6 Nxf4 62. Nxf4 Kxg3 63. Nxg6 h4 64. Nxh4 Kxh4 1/2-1/2

[Event "Schachfestival Basel"]
[Site "Basel"]
[Date "2018.01.03"]
[Round "3.7"]
[White "Firat, Burak"]
[Black "Heinemann, Josefine"]
[Result "1/2-1/2"]
[WhiteElo "2453"]
[BlackElo "2270"]
[PlyCount "166"]
[EventDate "2018.01.??"]
[EventType "swiss"]
[EventRounds "9"]
[EventCountry "SUI"]
[SourceDate "2018.01.02"]

1. d4 d5 2. Nf3 Nf6 3. c4 c6 4. Qc2 g6 5. e3 Bg7 6. Be2 O-O 7. O-O Re8 8. Rd1
Bf5 9. Qb3 Qb6 10. Qa3 Nbd7 11. Bd2 Ne4 12. Ba5 Qa6 13. Be1 Qxa3 14. Nxa3 Rac8
15. b4 a6 16. Nh4 Be6 17. Rac1 g5 18. Nf3 g4 19. Nh4 Nd6 20. c5 Nf5 21. Nxf5
Bxf5 22. Nc2 e5 23. Bd3 Bxd3 24. Rxd3 e4 25. Rb3 Nf8 26. a4 Ne6 27. Rbb1 Ra8
28. b5 axb5 29. axb5 Kf8 30. bxc6 bxc6 31. Rb6 Rec8 32. Nb4 Nd8 33. f3 exf3 34.
gxf3 gxf3 35. Kf2 Ra3 36. Nc2 Ra2 37. Kxf3 Bf6 38. h4 h5 39. Bg3 Ke7 40. Nb4
Ra3 41. Ke2 Kd7 42. Nd3 Rca8 43. Ne5+ Bxe5 44. Bxe5 Ra1 45. Rbb1 Rxb1 46. Rxb1
Ne6 47. Rb7+ Ke8 48. Bd6 Ra2+ 49. Kf3 Ra3 50. Rb8+ Kd7 51. Be5 f5 52. Rh8 f4
53. Rh7+ Ke8 54. Bxf4 Nxd4+ 55. Kf2 Ra2+ 56. Kf1 Ra1+ 57. Kg2 Ra2+ 58. Kh3 Ra3
59. Rxh5 Ne6 60. Kg4 Nxf4 61. exf4 Rc3 62. Rh8+ Kf7 63. Rh7+ Kg6 64. Rd7 Rxc5
65. h5+ Kf6 66. Rd6+ Ke7 67. h6 Rc1 68. h7 Rh1 69. Rxc6 Kf7 70. Rc7+ Kg6 71.
Rd7 Rg1+ 72. Kf3 Rh1 73. Kg4 Rg1+ 74. Kf3 Rh1 75. Rxd5 Rxh7 76. Kg4 Ra7 77. f5+
Kf6 78. Rd6+ Ke7 79. Rb6 Ra1 80. Rb7+ Kf6 81. Rb6+ Kf7 82. Rb7+ Kf6 83. Rb6+
Kf7 1/2-1/2

[Event "Schachfestival Basel"]
[Site "Basel"]
[Date "2018.01.03"]
[Round "3.8"]
[White "Woellermann, Jan"]
[Black "Petermann, Michail"]
[Result "1-0"]
[WhiteElo "2392"]
[BlackElo "2251"]
[PlyCount "55"]
[EventDate "2018.01.??"]
[EventType "swiss"]
[EventRounds "9"]
[EventCountry "SUI"]
[SourceDate "2018.01.02"]

1. d4 d5 2. c4 Nc6 3. Nc3 Nf6 4. Nf3 dxc4 5. e4 Bg4 6. d5 Ne5 7. Bf4 Bxf3 8.
gxf3 Nfd7 9. Be3 e6 10. f4 Nd3+ 11. Bxd3 cxd3 12. dxe6 d2+ 13. Qxd2 fxe6 14.
O-O-O c6 15. Rhg1 Qc7 16. Qe2 O-O-O 17. Qh5 Nf6 18. Rxd8+ Kxd8 19. Rd1+ Kc8 20.
Qh3 Bb4 21. Qxe6+ Kb8 22. f3 Bxc3 23. bxc3 Re8 24. Qd6 Qxd6 25. Rxd6 Nd5 26.
Bd4 Nxf4 27. Bxg7 Rg8 28. Be5 1-0

[Event "Schachfestival Basel"]
[Site "Basel"]
[Date "2018.01.03"]
[Round "3.9"]
[White "Akshat, Kamparia"]
[Black "Biastoch, Bennet"]
[Result "1-0"]
[WhiteElo "2381"]
[BlackElo "2234"]
[PlyCount "57"]
[EventDate "2018.01.??"]
[EventType "swiss"]
[EventRounds "9"]
[EventCountry "SUI"]
[SourceDate "2018.01.02"]

1. d4 d5 2. c4 c6 3. cxd5 cxd5 4. Bg5 Nf6 5. Bxf6 exf6 6. Nc3 Nc6 7. e3 Bb4 8.
Nge2 O-O 9. a3 Ba5 10. b4 Bb6 11. g3 Bg4 12. Bg2 Re8 13. O-O Rc8 14. Qb3 Ne7
15. Nf4 Be6 16. Ncxd5 Nxd5 17. Bxd5 Qd7 18. Rfc1 Bf5 19. Bf3 Rc7 20. Qd5 Rec8
21. Rxc7 Rxc7 22. Qxd7 Rxd7 23. Rc1 h6 24. g4 Bg6 25. Rc8+ Kh7 26. Rb8 Rc7 27.
Rxb7 Rc1+ 28. Kg2 Ra1 29. Nd5 1-0

[Event "Schachfestival Basel"]
[Site "Basel"]
[Date "2018.01.03"]
[Round "3.10"]
[White "Faibisovich, Vadim Z"]
[Black "Schwander, Lukas"]
[Result "1-0"]
[WhiteElo "2325"]
[BlackElo "2135"]
[PlyCount "65"]
[EventDate "2018.01.??"]
[EventType "swiss"]
[EventRounds "9"]
[EventCountry "SUI"]
[SourceDate "2018.01.02"]

1. d4 d5 2. Nf3 Nf6 3. g3 c5 4. Bg2 cxd4 5. O-O e6 6. b3 Be7 7. Bb2 O-O 8. Nbd2
Nc6 9. Nxd4 Bd7 10. e4 Nxd4 11. Bxd4 Bc6 12. e5 Nd7 13. c3 Bc5 14. Nf3 Bxd4 15.
cxd4 Bb5 16. Re1 Rc8 17. Qd2 a5 18. h4 b6 19. Rac1 Rxc1 20. Rxc1 Qb8 21. Qc2
Ba6 22. Ng5 g6 23. Qd2 Rc8 24. Rxc8+ Qxc8 25. Qf4 Qe8 26. h5 h6 27. Nh3 Kg7 28.
hxg6 fxg6 29. Qg4 Nf8 30. Nf4 Kh7 31. Bh3 h5 32. Qg5 Bc8 33. Qf6 1-0

[Event "Schachfestival Basel"]
[Site "Basel"]
[Date "2018.01.03"]
[Round "3.11"]
[White "Dekan, Hans"]
[Black "Paul, Johannes"]
[Result "0-1"]
[WhiteElo "2138"]
[BlackElo "2331"]
[PlyCount "122"]
[EventDate "2018.01.??"]
[EventType "swiss"]
[EventRounds "9"]
[EventCountry "SUI"]
[SourceDate "2018.01.02"]

1. e4 e6 2. d4 d5 3. Bd3 c5 4. exd5 exd5 5. dxc5 Bxc5 6. Nf3 Nf6 7. O-O O-O 8.
Bg5 Nc6 9. Nc3 h6 10. Bh4 Bg4 11. h3 Be6 12. Qd2 Be7 13. Rad1 Qb6 14. Na4 Qc7
15. Bg3 Qc8 16. Rfe1 Rd8 17. Qe2 Re8 18. a3 Bf8 19. Qd2 Rd8 20. Qe2 Bf5 21. Nc3
Re8 22. Qd2 Ne4 23. Bxe4 dxe4 24. Nh2 Qe6 25. Nf1 Rad8 26. Qc1 Bc5 27. Ne3 Bg6
28. Ne2 Qc8 29. b4 Bf8 30. Nf4 Bh7 31. Nfd5 Ne5 32. Bxe5 Rxe5 33. c4 f5 34. Qc3
Rde8 35. c5 Qc6 36. Qc4 Kh8 37. Qd4 Bg8 38. Nf4 g5 39. b5 Qf6 40. Nfd5 Qg7 41.
g4 Bxd5 42. Nxd5 Rd8 43. Qc4 Qg8 44. Ne3 Qxc4 45. Nxc4 Rxd1 46. Rxd1 Rxc5 47.
Rd8 Kg8 48. Ne3 fxg4 49. Nxg4 Rxb5 50. a4 Rb1+ 51. Kg2 Kf7 52. Rd4 Rb4 53.
Nxh6+ Ke6 54. Rxb4 Bxb4 55. Ng4 Bd2 56. f3 e3 57. Kf1 a6 58. Ke2 b5 59. axb5
axb5 60. Nh2 Kf5 61. Ng4 b4 0-1

[Event "Schachfestival Basel"]
[Site "Basel"]
[Date "2018.01.03"]
[Round "3.12"]
[White "Hamblok, Roel"]
[Black "Bhend, Edwin"]
[Result "1-0"]
[WhiteElo "2292"]
[BlackElo "2123"]
[PlyCount "51"]
[EventDate "2018.01.??"]
[EventType "swiss"]
[EventRounds "9"]
[EventCountry "SUI"]
[SourceDate "2018.01.02"]

1. d4 d5 2. Bf4 e6 3. e3 Bd6 4. Bg3 Ne7 5. Nf3 Nd7 6. Bd3 f5 7. c4 Nf6 8. Nc3
c6 9. O-O O-O 10. Rb1 Ne4 11. Bxd6 Nxd6 12. cxd5 cxd5 13. Ne2 Bd7 14. Qb3 Ng6
15. Rfc1 Bc6 16. Ne5 Nxe5 17. dxe5 Ne4 18. Rc2 Qd7 19. Qb4 Qc7 20. f3 Ng5 21.
f4 Ne4 22. Nd4 Qd7 23. Bxe4 fxe4 24. Rbc1 Rac8 25. Qd6 Rfe8 26. Rxc6 1-0

[Event "Schachfestival Basel"]
[Site "Basel"]
[Date "2018.01.03"]
[Round "3.13"]
[White "Parnali, S Dharia"]
[Black "Meier, Volker"]
[Result "1/2-1/2"]
[WhiteElo "2082"]
[BlackElo "2284"]
[PlyCount "69"]
[EventDate "2018.01.??"]
[EventType "swiss"]
[EventRounds "9"]
[EventCountry "SUI"]
[SourceDate "2018.01.02"]

1. d4 Nf6 2. c4 g6 3. Nc3 Bg7 4. g3 O-O 5. Bg2 d6 6. Nf3 Nbd7 7. O-O e5 8. b3
Re8 9. Bb2 e4 10. Ng5 e3 11. fxe3 Bh6 12. Nge4 Nxe4 13. Nxe4 f5 14. Nc3 Bxe3+
15. Kh1 c6 16. Qd3 Nf6 17. d5 c5 18. Nb5 a6 19. Bxf6 Qxf6 20. Nc7 Bd7 21. Nxa8
Qd8 22. Rf3 Bd4 23. Raf1 Qxa8 24. e3 Bg7 25. R3f2 Qd8 26. e4 Qe7 27. Re2 Be5
28. exf5 Bxf5 29. Be4 Bg4 30. Bf3 Bf5 31. Be4 Bg4 32. Bf3 Bf5 33. Qe3 Kg7 34.
Rfe1 Qf6 35. Qf2 1/2-1/2

[Event "Schachfestival Basel"]
[Site "Basel"]
[Date "2018.01.03"]
[Round "3.14"]
[White "Lee, Qing Aun"]
[Black "Faldum, Manfred"]
[Result "1-0"]
[WhiteElo "2277"]
[BlackElo "2065"]
[PlyCount "77"]
[EventDate "2018.01.??"]
[EventType "swiss"]
[EventRounds "9"]
[EventCountry "SUI"]
[SourceDate "2018.01.02"]

1. e4 c5 2. Nf3 g6 3. d4 cxd4 4. Nxd4 Bg7 5. Nc3 Nc6 6. Be3 Nf6 7. Bc4 O-O 8.
Bb3 d6 9. f3 Bd7 10. Qd2 Rc8 11. O-O-O Ne5 12. Kb1 a6 13. g4 b5 14. h4 h5 15.
gxh5 Nxh5 16. Rdg1 Nc4 17. Bxc4 Rxc4 18. Nce2 Qc7 19. Bh6 Rc8 20. Bxg7 Kxg7 21.
Qg5 Rc5 22. Qxe7 Re5 23. Rxg6+ Kxg6 24. Rg1+ Kh6 25. Qxf7 Bg4 26. Qxc7 Rxc7 27.
fxg4 Ng7 28. Ng3 Rc4 29. Rd1 Re8 30. Nf3 Rc6 31. h5 Rf8 32. g5+ Kh7 33. Nd4 Rc4
34. a3 Rf2 35. g6+ Kh6 36. Ngf5+ Nxf5 37. Nxf5+ Kxh5 38. g7 Rc8 39. Rh1+ 1-0

[Event "Schachfestival Basel"]
[Site "Basel"]
[Date "2018.01.03"]
[Round "3.15"]
[White "Maerevoet, Sim"]
[Black "Nyffenegger, Michael"]
[Result "1-0"]
[WhiteElo "2270"]
[BlackElo "2035"]
[PlyCount "53"]
[EventDate "2018.01.??"]
[EventType "swiss"]
[EventRounds "9"]
[EventCountry "SUI"]
[SourceDate "2018.01.02"]

1. d4 Nf6 2. c4 c5 3. d5 b5 4. cxb5 a6 5. f3 e6 6. e4 exd5 7. e5 Qe7 8. Qe2 Ng8
9. Nc3 Bb7 10. Nh3 f6 11. Nf4 Qxe5 12. Qxe5+ fxe5 13. Nfxd5 Bd6 14. Nb6 Ra7 15.
Nc4 Be7 16. Nxe5 Nf6 17. Bg5 O-O 18. O-O-O d5 19. Kb1 h6 20. Ng6 Re8 21. Nxe7+
Rxe7 22. Bxf6 gxf6 23. b6 Ra8 24. Nxd5 Bxd5 25. Rxd5 Re1+ 26. Kc2 Nc6 27. Rxc5
1-0

[Event "Schachfestival Basel"]
[Site "Basel"]
[Date "2018.01.03"]
[Round "3.16"]
[White "Ananya, Rishi Gupta"]
[Black "Xheladini, Mahmut"]
[Result "0-1"]
[WhiteElo "1945"]
[BlackElo "2174"]
[PlyCount "82"]
[EventDate "2018.01.??"]
[EventType "swiss"]
[EventRounds "9"]
[EventCountry "SUI"]
[SourceDate "2018.01.02"]

1. e4 c6 2. d4 d6 3. Nf3 Nd7 4. Nc3 Qa5 5. Bc4 h6 6. Bd2 e5 7. d5 Ngf6 8. Qe2
Qc7 9. Bb3 Nc5 10. Rc1 a5 11. dxc6 bxc6 12. Bc4 Be7 13. Rd1 Ne6 14. Bc1 g5 15.
h3 Qb6 16. g3 Qb8 17. Kf1 Bd8 18. Kg2 Nc5 19. Rhe1 a4 20. Qd2 Ke7 21. Qe3 Bb6
22. Qe2 Ba5 23. Bd3 a3 24. b4 Bxb4 25. Bd2 Ba5 26. Qe3 Ne6 27. Bc4 Rg8 28. Nb1
Nf4+ 29. Kh2 Nxh3 30. Nxe5 Qc7 31. Qxa3 Bxd2 32. Qxa8 Bd7 33. Qa3 Bxe1 34. Rxe1
Nxf2 35. Nxf7 c5 36. Nxd6 Qxd6 37. e5 N6g4+ 38. Kg1 Qd4 39. Qc3 Nh3+ 40. Kh1
Bc6+ 41. Bd5 Qxd5+ 0-1

[Event "Schachfestival Basel"]
[Site "Basel"]
[Date "2018.01.03"]
[Round "3.18"]
[White "Leutwyler, Martin"]
[Black "Sadeghi, Hassan Roger"]
[Result "1-0"]
[WhiteElo "2188"]
[BlackElo "2089"]
[PlyCount "43"]
[EventDate "2018.01.??"]
[EventType "swiss"]
[EventRounds "9"]
[EventCountry "SUI"]
[SourceDate "2018.01.02"]

1. d4 f5 2. g3 Nf6 3. Bg2 e6 4. Nf3 Be7 5. O-O O-O 6. c4 d6 7. Nc3 Qe8 8. Re1
Qg6 9. e4 fxe4 10. Nxe4 Nxe4 11. Rxe4 e5 12. Qe2 Bf5 13. Nh4 Bxh4 14. Rxh4 Nc6
15. Be3 Rae8 16. Qd2 exd4 17. Bxd4 Bg4 18. Bf1 h6 19. Bc3 Rf3 20. Re1 Ref8 21.
Be2 R3f4 22. h3 1-0

[Event "Schachfestival Basel"]
[Site "Basel"]
[Date "2018.01.03"]
[Round "3.19"]
[White "Faraone, Ettore"]
[Black "Schaefer, Reyk"]
[Result "1-0"]
[WhiteElo "2079"]
[BlackElo "2162"]
[PlyCount "131"]
[EventDate "2018.01.??"]
[EventType "swiss"]
[EventRounds "9"]
[EventCountry "SUI"]
[SourceDate "2018.01.02"]

1. e4 e5 2. Nf3 Nc6 3. Bc4 Nf6 4. O-O Nxe4 5. Bd5 Nf6 6. Bxc6 bxc6 7. Nxe5 Be7
8. d4 h6 9. Re1 O-O 10. Nc3 Bb7 11. Ng4 d5 12. Qf3 Nxg4 13. Qxg4 Bc8 14. Qg3
Bh4 15. Qf3 Qf6 16. Qxf6 Bxf6 17. Be3 Bf5 18. Rac1 Rab8 19. b3 Be7 20. Nb1 Bd6
21. c4 Rfe8 22. c5 Be7 23. Bf4 Rbc8 24. Nd2 g5 25. Be5 g4 26. Bf4 h5 27. Nf1
Bg6 28. h3 Bf6 29. Be5 Bg5 30. Ra1 gxh3 31. gxh3 Bf5 32. Kg2 Be4+ 33. f3 Bf5
34. Kh2 Bg6 35. Ne3 f6 36. Rg1 Kf7 37. Rxg5 fxg5 38. Rg1 Rg8 39. Rxg5 Ke6 40.
f4 Bf7 41. f5+ Kd7 42. h4 a5 43. Ng2 a4 44. bxa4 Ra8 45. Nf4 Rxa4 46. Rxg8 Bxg8
47. Nxh5 Rxa2+ 48. Kg3 Bf7 49. Nf6+ Ke7 50. h5 Ra1 51. h6 Rg1+ 52. Kf4 Rh1 53.
h7 Kf8 54. Bxc7 Kg7 55. Ke5 Rh6 56. Bd8 Bh5 57. Kd6 Bg4 58. Kxc6 Bxf5 59. Kxd5
Bxh7 60. Nxh7 Rxh7 61. c6 Rh1 62. Kd6 Kf7 63. c7 Rc1 64. d5 Ke8 65. Bg5 Rc2 66.
Be3 1-0

[Event "Schachfestival Basel"]
[Site "Basel"]
[Date "2018.01.03"]
[Round "3.20"]
[White "Schweizer, Simon"]
[Black "Weber, Dominik"]
[Result "1/2-1/2"]
[WhiteElo "2159"]
[BlackElo "2043"]
[PlyCount "94"]
[EventDate "2018.01.??"]
[EventType "swiss"]
[EventRounds "9"]
[EventCountry "SUI"]
[SourceDate "2018.01.02"]

1. e4 c6 2. d4 g6 3. Nc3 Bg7 4. Nf3 d6 5. h3 Nd7 6. Be3 e6 7. Qd2 b5 8. a4 b4
9. Ne2 a5 10. Ng3 Ba6 11. Bxa6 Rxa6 12. O-O Ne7 13. Bh6 O-O 14. Rad1 Qc8 15. c3
bxc3 16. bxc3 Nb6 17. Bxg7 Kxg7 18. Qg5 Ng8 19. Qc1 Qc7 20. Qc2 Rb8 21. c4 Nc8
22. c5 Ra7 23. Qc3 d5 24. exd5 exd5 25. Rfe1 Rb4 26. Re5 Rxa4 27. Rde1 Rb4 28.
Qd2 h6 29. h4 Qb8 30. h5 Rb1 31. hxg6 fxg6 32. Re6 Rxe1+ 33. Qxe1 Nce7 34. Rd6
Qf8 35. Ne5 Nf6 36. Nxc6 Nxc6 37. Rxc6 a4 38. Rb6 a3 39. Rb1 a2 40. Ra1 Qb8 41.
Rxa2 Rxa2 42. Qe7+ Kg8 43. Qxf6 Qe8 44. Kh2 Qf7 45. Qd8+ Kg7 46. f4 h5 47. Qg5
Kh7 1/2-1/2